00321nam a2200085Ia 4500008004100000082001900041100005200060245011500112300000800227210430s9999 xx 000 0 und d a327.1740 C743T aUnited States Arms Control & Disarmament Agency aThreat Control Through Arms Control Annual Report to CongresscUnited States Arms Control & Disarmament Agency a120